Znalec ako "riešiteľ" súdnych sporov - teória a prax
Postavenie znalca v rámci súdneho konania. Ideálny priebeh súdneho procesu. Súčasný priebeh súdneho procesu. Prečo by znalec nemal byť riešiteľom súdnych sporov. Návrhy na zlepšenie.
Gespeichert in:
| 1. Verfasser: | |
|---|---|
| Format: | Buchkapitel |
| Sprache: | Slowakisch |
| Schlagworte: | |
| Tags: |
Keine Tags, Fügen Sie das erste Tag hinzu!
|
MARC
| LEADER | 00000naa$a2200000$$$4500 | ||
|---|---|---|---|
| 001 | 0175851 | ||
| 005 | 20240502073012.1 | ||
| 041 | 0 | |a slo | |
| 044 | |a SK | ||
| 245 | 1 | 0 | |a Znalec ako "riešiteľ" súdnych sporov - teória a prax |c Peter Kardoš |
| 520 | |a Postavenie znalca v rámci súdneho konania. Ideálny priebeh súdneho procesu. Súčasný priebeh súdneho procesu. Prečo by znalec nemal byť riešiteľom súdnych sporov. Návrhy na zlepšenie. | ||
| 610 | 2 | 0 | |a znalci |
| 610 | 2 | 0 | |a posudky znalecké |
| 610 | 2 | 0 | |a súdy |
| 610 | 2 | 0 | |a spory súdne |
| 100 | 1 | |a Kardoš, Peter | |